Sleep Token - The Apparition (All lyrics) - Statistics

General Stats
  • This quiz has been taken 82 times
    77 since last reset
  • The average score is 220 of 245
Answer Stats
Lyrics % Correct
a
100%
I
100%
I,
100%
in
100%
me
100%
with
100%
With
100%
you
100%
You
100%
and
98%
And
98%
appear
98%
are
98%
disappear
98%
grace
98%
know
98%
leave
98%
my
98%
never
98%
No
98%
real?
98%
that
98%
the
98%
The
98%
Whenever
98%
Why
98%
am
95%
be
95%
dear
95%
fear
95%
past
95%
So
95%
trembling
95%
was
95%
will
95%
as
93%
awake
93%
between
93%
heal
93%
it
93%
It
93%
Just
93%
just
93%
let
93%
Something
93%
Somewhere
93%
this
93%
This
93%
do
90%
dream
90%
to
90%
what
90%
ear
88%
fade
88%
matter
88%
remains
88%
scar
88%
Whisper
88%
another
85%
day
85%
let's
85%
make
85%
memory
85%
tide
85%
trouble
85%
wake
85%
burning
83%
frenzy
83%
heaven
83%
Hijack
83%
Loaded
83%
most
83%
of
83%
turn
83%
turning
83%
Well,
83%
wound
83%
dreams
80%
empty
80%
go
80%
left
80%
still
80%
suicide
80%
take
80%
up
80%
what's
80%
But
78%
'cause
78%
could
78%
Don't
78%
mind
78%
now
78%
shifting
78%
silence
78%
world
78%
believe
75%
follow
75%
last
75%
or
75%
reveries
75%
split
75%
time
73%
wait,
73%
wait
73%
through
70%
states
53%
Unrevealed
50%
No matching quizzes found
Score Distribution
Percent of People with Each Score
Percentile by Number Answered
Your Score History
You have not taken this quiz since the last reset